| 000 | 00448 a2200157 4500 | ||
|---|---|---|---|
| 005 | 20250628071357.0 | ||
| 020 | _a0-07-253797-3 | ||
| 082 | _a658.049 BALL | ||
| 100 | _aBALL, D. A. | ||
| 245 | _aInternational Business: The Challenge of Global Competition. | ||
| 250 | _a9th Ed. | ||
| 260 |
_aNew York, _bMcGraw Hill, _c2004. |
||
| 300 |
_axxvi, 754p.: ill.; figure, table _bGlossary & Index _c30cm |
||
| 700 | _aMcCULLOCH, W. H. | ||
| 942 |
_2ddc _cBKS |
||
| 999 |
_c5833 _d5833 |
||